[Event "Sparkassen-Open A"]
[Site "Heusenstamm, Martinsee"]
[Date "2025.11.21"]
[Round "3.62"]
[White "Artola Pola, Gerardo"]
[Black "Rose, Torsten"]
[Result "1-0"]
[WhiteElo "1944"]
[BlackElo "1818"]
[PlyCount "111"]
[EventDate "2025.11.20"]
[WhiteTeam "Sabt Frankfurter TV 1860"]
[BlackTeam "SV Königsjäger Süd-West e.V."]

1. e4 e6 2. d4 d5 3. Nc3 Nf6 4. e5 Nfd7 5. f4 c5 6. Nf3 Nc6 7. Be3 cxd4 8. Nxd4 a6 9. Qd2 Bc5 10. O-O-O Bxd4 11. Bxd4 Nxd4 12. Qxd4 Qb6 13. Qd2 O-O 14. Bd3 f6 15. exf6 Nxf6 16. Qe2 Bd7 17. g4 Qd6 18. Rhf1 b5 19. g5 Ne8 20. Qh5 g6 21. Bxg6 hxg6 22. Qxg6+ Ng7 23. Ne4 Be8 24. Qxg7+ Kxg7 25. Nxd6 Bh5 26. Rd2 Ra7 27. Re1 Bg4 28. h3 Bxh3 29. Rh2 Rd7 30. Nxb5 axb5 31. Rxh3 Rxf4 32. Rxe6 Rg4 33. Rb6 Rg2 34. g6 Rxg6 35. Rxb5 Rg1+ 36. Kd2 Rg2+ 37. Kd3 Rg4 38. b3 Rg1 39. c3 d4 40. cxd4 Rd1+ 41. Kc3 R1xd4 42. Rf3 Rg4 43. a4 Rc7+ 44. Kb2 Rd7 45. a5 Rd2+ 46. Ka3 Rd1 47. Rb7+ Kg6 48. b4 Ra1+ 49. Kb3 Rgg1 50. Kc4 Rg5 51. Rb6+ Kh5 52. a6 Rg4+ 53. Kb3 Rb1+ 54. Ka4 Rg5 55. a7 Rgg1 56. Ra3 1-0

[Event "Sparkassen-Open A"]
[Site "Heusenstamm, Martinsee"]
[Date "2025.11.21"]
[Round "3.63"]
[White "Mellinghoff, Arthur"]
[Black "Mährlein, Christoph"]
[Result "0-1"]
[WhiteElo "1763"]
[BlackElo "2024"]
[PlyCount "46"]
[EventDate "2025.11.20"]
[WhiteTeam "Aachen"]
[BlackTeam "SC Pforzheim 1906"]

1. b3 e5 2. Bb2 d6 3. e3 Nf6 4. c4 Be7 5. Nf3 O-O 6. d4 e4 7. Nfd2 Re8 8. Nc3 Bf8 9. Qc2 Bf5 10. f3 Nc6 11. a3 Nxd4 12. exd4 exf3+ 13. Nce4 Nxe4 14. O-O-O Ng3 15. Bd3 Bxd3 16. Qxd3 Nxh1 17. Qxf3 c6 18. Rg1 Qg5 19. Kc2 Re3 20. Qf2 Rae8 21. Rf1 Qg6+ 22. Kc1 Re2 23. Qh4 Be7 0-1

[Event "Sparkassen-Open A"]
[Site "Heusenstamm, Martinsee"]
[Date "2025.11.21"]
[Round "3.64"]
[White "Kutzner, Joachim"]
[Black "Fröhlich-Dill, Astrid"]
[Result "1-0"]
[WhiteElo "1999"]
[BlackElo "1815"]
[PlyCount "61"]
[EventDate "2025.11.20"]
[WhiteTeam "SC Erkrath 1973"]
[BlackTeam "SV 1920 Hofheim"]

1. e4 e6 2. d4 b6 3. Bd3 Bb7 4. Ne2 c5 5. c3 Nc6 6. O-O cxd4 7. cxd4 Nb4 8. Nbc3 Nxd3 9. Qxd3 Nf6 10. e5 Nd5 11. Qg3 Ne7 12. Bg5 f6 13. exf6 gxf6 14. Bxf6 Rg8 15. Qxg8 Nxg8 16. Bxd8 Rxd8 17. Rac1 Bh6 18. f4 Bc6 19. g4 Ne7 20. Ng3 Bg7 21. Rcd1 b5 22. f5 exf5 23. Nxf5 Nxf5 24. Rxf5 Rb8 25. d5 Ba8 26. Re1+ Kd8 27. d6 b4 28. Nb5 Bc6 29. Nxa7 Ra8 30. Nxc6+ dxc6 31. Re7 1-0

[Event "Sparkassen-Open A"]
[Site "Heusenstamm, Martinsee"]
[Date "2025.11.21"]
[Round "3.65"]
[White "Alt, Johannes"]
[Black "Marcziter, Alex"]
[Result "0-1"]
[WhiteElo "1836"]
[BlackElo "2206"]
[PlyCount "100"]
[EventDate "2025.11.20"]
[WhiteTeam "Sfr.Heidesheim"]
[BlackTeam "Schachgemeinschaft Porz e. V."]

1. d4 Nf6 2. Nf3 g6 3. c4 Bg7 4. Nc3 d6 5. e4 O-O 6. Be2 Nbd7 7. O-O e5 8. d5 Nc5 9. Qc2 a5 10. a3 Ne8 11. Rb1 a4 12. Be3 Bd7 13. Nd2 f5 14. f3 f4 15. Bf2 g5 16. b4 axb3 17. Nxb3 b6 18. Nxc5 dxc5 19. a4 Rf6 20. Ra1 Rg6 21. a5 g4 22. fxg4 Bxg4 23. Bxg4 Rxg4 24. axb6 Rxa1 25. Rxa1 cxb6 26. Qa4 Bf8 27. Qa8 Qxa8 28. Rxa8 Nd6 29. Na4 Nxe4 30. Nxb6 Rg7 31. d6 f3 32. g3 Rb7 33. d7 Rxb6 34. Rxf8+ Kg7 35. Rxf3 Rd6 36. Rf5 Nd2 37. Bxc5 Rxd7 38. Kg2 Nxc4 39. Kf3 Rc7 40. Be3 Rb7 41. Rg5+ Kf6 42. Rg4 Nd6 43. Ra4 Rb3 44. Ra6 Ke6 45. Ke2 Kd5 46. Ra5+ Nb5 47. Kd2 Ke4 48. Bg5 Nd4 49. Bf6 Rd3+ 50. Kc1 Nb3+ 0-1

[Event "Sparkassen-Open A"]
[Site "Heusenstamm, Martinsee"]
[Date "2025.11.21"]
[Round "3.66"]
[White "Klein, Deniz"]
[Black "Longo, Massimo"]
[Result "0-1"]
[WhiteElo "1913"]
[BlackElo "2079"]
[PlyCount "48"]
[EventDate "2025.11.20"]
[WhiteTeam "SK Kaiserslautern 1905"]
[BlackTeam "SK Gräfelfing"]

1. e4 e6 2. d4 d5 3. Nc3 Bb4 4. e5 c5 5. a3 Bxc3+ 6. bxc3 Ne7 7. Qg4 Qc7 8. Qxg7 Rg8 9. Qxh7 cxd4 10. Ne2 Nbc6 11. f4 dxc3 12. Qd3 d4 13. Ng3 Bd7 14. Ne4 O-O-O 15. Rb1 Nxe5 16. Qa6 Bc6 17. Nc5 d3 18. Qxa7 d2+ 19. Bxd2 cxd2+ 20. Kd1 Rxg2 21. Qa8+ Qb8 22. Qxb8+ Kxb8 23. Nxb7 Bf3+ 24. Be2 Bxe2# 0-1

[Event "Sparkassen-Open A"]
[Site "Heusenstamm, Martinsee"]
[Date "2025.11.21"]
[Round "3.67"]
[White "Dubinker, Philipp"]
[Black "Hoffmann, Jens"]
[Result "1/2-1/2"]
[WhiteElo "1911"]
[BlackElo "2094"]
[PlyCount "78"]
[EventDate "2025.11.20"]
[WhiteTeam "SK Marburg 1931/72"]
[BlackTeam "SF HN-Biberach 1978 e.V."]

1. Nf3 Nf6 2. c4 c6 3. d4 d5 4. cxd5 cxd5 5. Nc3 g6 6. Bf4 Bg7 7. e3 O-O 8. Bd3 Nc6 9. h3 a6 10. O-O b5 11. Rc1 Bb7 12. Nd2 Nd7 13. Bg5 h6 14. Bh4 g5 15. Bg3 e5 16. dxe5 Ndxe5 17. Bb1 d4 18. exd4 Nxd4 19. Nb3 Nxb3 20. Qxb3 Nc4 21. Rfd1 Qb6 22. a4 Rac8 23. axb5 axb5 24. Qxb5 Qxb5 25. Nxb5 Bxb2 26. Rc2 Be4 27. Re2 Bxb1 28. Rxb1 Bf6 29. Nd6 Nxd6 30. Bxd6 Rfd8 31. Be5 Bxe5 32. Rxe5 Rd2 33. Rf5 Rc7 34. g4 Kg7 35. Rb6 Rc1+ 36. Kg2 Rc7 37. Rff6 Rcc2 38. Rf5 Rc7 39. Rff6 Rcc2 1/2-1/2

[Event "Sparkassen-Open A"]
[Site "Heusenstamm, Martinsee"]
[Date "2025.11.21"]
[Round "3.68"]
[White "Weil, Michael"]
[Black "Segna, Ulrich"]
[Result "1/2-1/2"]
[WhiteElo "1907"]
[BlackElo "2090"]
[PlyCount "68"]
[EventDate "2025.11.20"]
[WhiteTeam "SC Steinbach"]
[BlackTeam "SV 1920 Hofheim"]

1. d4 f5 2. h3 d5 3. g4 Nf6 4. Nf3 e6 5. Bg5 Be7 6. Nbd2 O-O 7. gxf5 exf5 8. Ne5 Ne4 9. Bxe7 Qxe7 10. Nxe4 fxe4 11. Qd2 Nd7 12. Nxd7 Bxd7 13. Qe3 Qh4 14. Qg3 Qf6 15. c3 Rf7 16. Bg2 Raf8 17. Rf1 Qb6 18. O-O-O Bb5 19. Rde1 a5 20. f3 Qh6+ 21. Kc2 exf3 22. Rxf3 Bc6 23. Ref1 Qh5 24. Qg4 Qxg4 25. hxg4 Rxf3 26. Rxf3 Re8 27. Kd2 Bd7 28. Re3 c6 29. Rxe8+ Bxe8 30. g5 h6 31. gxh6 gxh6 32. Ke3 Kg7 33. Kf4 Kf6 34. e4 dxe4 1/2-1/2

[Event "Sparkassen-Open A"]
[Site "Heusenstamm, Martinsee"]
[Date "2025.11.21"]
[Round "3.69"]
[White "Arkhipenko, Denis"]
[Black "Merz, Leander"]
[Result "0-1"]
[WhiteElo "1804"]
[BlackElo "2034"]
[PlyCount "78"]
[EventDate "2025.11.20"]
[WhiteTeam "SC Heusenstamm"]
[BlackTeam "Schachforum Darmstadt 1994"]

1. d4 Nf6 2. Bf4 e6 3. e3 c5 4. c3 d5 5. Nd2 Bd6 6. Bg3 O-O 7. Ngf3 b6 8. Bd3 Ba6 9. Bxa6 Nxa6 10. O-O Nb8 11. Re1 Nc6 12. Qa4 Qc7 13. e4 Bxg3 14. hxg3 Rfb8 15. Qc2 c4 16. exd5 exd5 17. Qf5 b5 18. Ne5 b4 19. Ndf3 bxc3 20. bxc3 Ne4 21. Nxc6 Qxc6 22. Ng5 Nxg5 23. Qxg5 Rb2 24. Re7 a5 25. Rae1 g6 26. Qf4 Rf8 27. Rc7 Qa4 28. Qf6 Rxa2 29. Kh2 Ra1 30. Ree7 Qd1 31. g4 Qh1+ 32. Kg3 Rg1 33. Qf3 h5 34. gxh5 g5 35. Qxd5 Qh4+ 36. Kf3 Qxh5+ 37. Kg3 Rc1 38. Qxc4 Qh4+ 39. Kf3 Qf4+ 0-1

[Event "Sparkassen-Open A"]
[Site "Heusenstamm, Martinsee"]
[Date "2025.11.21"]
[Round "3.70"]
[White "Lu, Yunong Elias"]
[Black "Röß, Jonas"]
[Result "1-0"]
[WhiteElo "2060"]
[BlackElo "1882"]
[PlyCount "119"]
[EventDate "2025.11.20"]
[WhiteTeam "Hamburger SK von 1830 eV"]
[BlackTeam "SV Würzburg von 1865 e.V."]

1. e4 c5 2. Nf3 d6 3. Bb5+ Nd7 4. c4 Ngf6 5. Nc3 g6 6. O-O Bg7 7. d4 cxd4 8. Nxd4 O-O 9. Bxd7 Nxd7 10. b3 Nc5 11. Be3 b6 12. Rc1 Bb7 13. f3 a6 14. Qd2 Ne6 15. Nd5 Nxd4 16. Bxd4 Bxd4+ 17. Qxd4 Bxd5 18. cxd5 b5 19. Rc6 Qa5 20. Qf2 f5 21. exf5 Rxf5 22. Qe2 Re5 23. Qd3 Qxa2 24. Rc2 Qa5 25. f4 Qb6+ 26. Kh1 Re3 27. Qd1 Rxb3 28. Rc6 Qe3 29. Rf3 a5 30. Rxe3 Rxe3 31. h3 a4 32. Qd2 Re4 33. Qc2 Re1+ 34. Kh2 a3 35. Rc8+ Rxc8 36. Qxc8+ Kf7 37. Qc3 Rd1 38. Qxa3 Rxd5 39. Qa2 e6 40. Qa7+ Kf6 41. Qxh7 e5 42. Qg8 Rc5 43. Qf8+ Ke6 44. Qe8+ Kf6 45. Qd7 Rd5 46. fxe5+ Kxe5 47. Qg7+ Kf5 48. Qf7+ Ke5 49. Qxg6 b4 50. Qc2 Rd4 51. Qb3 d5 52. Qb2 Ke4 53. h4 Ke3 54. Qb3+ Kd2 55. g3 Rc4 56. h5 Kc1 57. h6 Rc2+ 58. Kh3 d4 59. h7 Rb2 60. Qxb2+ 1-0

[Event "Sparkassen-Open A"]
[Site "Heusenstamm, Martinsee"]
[Date "2025.11.21"]
[Round "3.71"]
[White "Schelhorn, Paul"]
[Black "Schröder, Jürgen"]
[Result "0-1"]
[WhiteElo "1871"]
[BlackElo "2013"]
[PlyCount "66"]
[EventDate "2025.11.20"]
[WhiteTeam "SF 1974 Heinsberg e."]
[BlackTeam "SC Matt im Park Ffm"]

1. d4 g6 2. c4 Bg7 3. Nc3 d6 4. e4 Nc6 5. Be3 e5 6. d5 Nce7 7. g4 f5 8. gxf5 gxf5 9. exf5 Bxf5 10. Bh3 Nf6 11. Bg5 O-O 12. Bxf5 Nxf5 13. Nge2 Qe8 14. Ng3 Nd4 15. Qd3 Ng4 16. Be3 Rf3 17. Nge4 Nxf2 18. Nxf2 Rxe3+ 19. Qxe3 Nc2+ 20. Kd2 Nxe3 21. Kxe3 Qh5 22. Rag1 Kh8 23. Nce4 Rf8 24. Rg4 Qf5 25. Rhg1 Qf3+ 26. Kd2 Bh6+ 27. Kc2 Be3 28. R1g2 Bxf2 29. Nxf2 Qe2+ 30. Kc1 h5 31. Rg6 Qxc4+ 32. Kb1 Qf1+ 33. Kc2 Rxf2+ 0-1

[Event "Sparkassen-Open A"]
[Site "Heusenstamm, Martinsee"]
[Date "2025.11.21"]
[Round "3.72"]
[White "Zekovic, Alija"]
[Black "Griesfeller, Sven"]
[Result "0-1"]
[WhiteElo "2008"]
[BlackElo "1869"]
[PlyCount "63"]
[EventDate "2025.11.20"]
[WhiteTeam "Dietzenbach"]
[BlackTeam "Schachdrachen Büdingen-Wächtersb"]

1. e4 e5 2. Bc4 Nf6 3. d3 c6 4. Nf3 d5 5. exd5 cxd5 6. Bb3 Nc6 7. Bg5 Be7 8. Nc3 d4 9. Bxf6 Bxf6 10. Ne4 O-O 11. a3 Qe7 12. h3 Bd7 13. g4 g6 14. g5 Bg7 15. Qe2 h5 16. Nh4 Kh7 17. O-O-O b5 18. Bd5 Rac8 19. Kb1 a5 20. Rdg1 a4 21. Ng3 b4 22. Nxh5 bxa3 23. Nf6+ Bxf6 24. gxf6 Qb4 25. c3 dxc3 26. Nxg6 fxg6 27. Rg4 axb2 28. Rxb4 Nxb4 29. Qe4 Nxd5 30. Qh4+ Kg8 31. Qe4 Nf4 32. Qxe5 0-1

[Event "Sparkassen-Open A"]
[Site "Heusenstamm, Martinsee"]
[Date "2025.11.21"]
[Round "3.73"]
[White "Steinbrenner, Peter"]
[Black "Rohatgi, Kushagra"]
[Result "1-0"]
[WhiteElo "2005"]
[BlackElo "1869"]
[PlyCount "147"]
[EventDate "2025.11.20"]
[WhiteTeam "SK Kaiserslautern 1905"]
[BlackTeam "SAbt TuS Makkabi Ffm"]

1. e4 c6 2. Nf3 d5 3. Nc3 dxe4 4. Nxe4 Nf6 5. Qe2 Nxe4 6. Qxe4 Qd5 7. Qh4 Bf5 8. Bc4 Qd6 9. O-O e6 10. d3 Be7 11. Bg5 Bxg5 12. Qxg5 O-O 13. Rfe1 a5 14. a4 Nd7 15. Qe3 Rfe8 16. Nh4 Bg6 17. Nxg6 hxg6 18. Qg5 Qe7 19. Qg3 Nf6 20. c3 Rad8 21. d4 Qd6 22. Qg5 Nd5 23. Re4 Qe7 24. Qg3 Qd6 25. Qh4 Nb6 26. Bf1 Nd5 27. Rae1 Qc7 28. Qh3 Nf4 29. Qf3 Nh5 30. Bc4 Qe7 31. Re5 Ra8 32. Bd3 Qf6 33. Qe4 Qf4 34. Qe2 Qf6 35. g3 Qe7 36. f4 Nf6 37. f5 gxf5 38. Bxf5 Qd6 39. Bc2 b6 40. Rf1 Rad8 41. Qf2 Qe7 42. Qf4 Rd5 43. c4 Rdd8 44. Rg5 Kh8 45. Qh4+ Kg8 46. Rxg7+ Kxg7 47. Qg5+ Kf8 48. Qh6+ Kg8 49. Rxf6 Qxf6 50. Qxf6 Kf8 51. h4 Rd6 52. h5 Red8 53. h6 e5 54. Qh8+ Ke7 55. Qxe5+ Re6 56. Qg5+ f6 57. Qg7+ Kd6 58. h7 Re1+ 59. Kg2 Re2+ 60. Kh3 Rxc2 61. Qxf6+ Kc7 62. Qxd8+ Kxd8 63. h8=Q+ Kc7 64. Qh7+ Kd6 65. Qxc2 Kc7 66. g4 Kd7 67. Qf5+ Ke7 68. g5 Ke8 69. g6 Ke7 70. g7 Kd8 71. g8=R+ Ke7 72. Qe5+ Kf7 73. Rg7+ Kf8 74. Qe7# 1-0

[Event "Sparkassen-Open A"]
[Site "Heusenstamm, Martinsee"]
[Date "2025.11.21"]
[Round "3.74"]
[White "Meyer-Kahlen, Stefan"]
[Black "Richter, Johanna"]
[Result "1/2-1/2"]
[WhiteElo "1975"]
[BlackElo "1868"]
[PlyCount "107"]
[EventDate "2025.11.20"]
[WhiteTeam "SC Erkrath 1973"]
[BlackTeam "Sfr.Heidesheim"]

1. d4 Nf6 2. Nf3 g6 3. g3 Bg7 4. Bg2 O-O 5. O-O d5 6. c4 c6 7. b3 Bf5 8. Bb2 a5 9. Nc3 Ne4 10. e3 Nxc3 11. Bxc3 Be4 12. Qe2 Nd7 13. Rfc1 Re8 14. cxd5 cxd5 15. Bh3 Nf6 16. Ne5 Bf5 17. g4 Bc8 18. Bg2 Qd6 19. Qf3 Be6 20. Qe2 Rec8 21. Bb2 Rab8 22. h3 Nd7 23. Nd3 b5 24. Nf4 b4 25. Rxc8+ Rxc8 26. a3 g5 27. Nxe6 fxe6 28. e4 dxe4 29. axb4 Qxb4 30. Bxe4 Qxb3 31. Rxa5 h6 32. Ra7 Rd8 33. Rb7 Qa2 34. Bd3 Nf8 35. Rb4 Qd5 36. Bc4 Qd6 37. Ra4 Rb8 38. Ra6 Qd7 39. Rxe6 Kh8 40. Re4 Qa4 41. Bd3 Qb3 42. Bc1 Qc3 43. Be3 Rb3 44. Bc4 Rb1+ 45. Kg2 Ng6 46. Kh2 Qa1 47. f4 Rh1+ 48. Kg3 Rxh3+ 49. Kxh3 Qh1+ 50. Kg3 Qxe4 51. fxg5 Bxd4 52. Bxd4+ Qxd4 53. gxh6 Qf4+ 54. Kg2 1/2-1/2

[Event "Sparkassen-Open A"]
[Site "Heusenstamm, Martinsee"]
[Date "2025.11.21"]
[Round "3.75"]
[White "Ziska, Stephan"]
[Black "von Auer, Ulrich"]
[Result "0-1"]
[WhiteElo "1848"]
[BlackElo "1997"]
[PlyCount "60"]
[EventDate "2025.11.20"]
[WhiteTeam "Schachforum Darmstadt 1994"]
[BlackTeam "SV Oberursel"]

1. e4 e6 2. c4 c5 3. Nc3 Nc6 4. Nf3 Nf6 5. d4 cxd4 6. Nxd4 Bb4 7. Nxc6 bxc6 8. e5 Ne4 9. Qd4 Qa5 10. Bd2 Nxd2 11. Kxd2 Rb8 12. Kc2 Bxc3 13. Qxc3 Qc5 14. Rd1 Qxf2+ 15. Rd2 Qc5 16. Qg3 O-O 17. Bd3 Ba6 18. Qh4 g6 19. Re1 Qa5 20. Qh6 Qxa2 21. Kc1 Qa1+ 22. Bb1 Bxc4 23. Re3 Ba2 24. Rc2 Bxb1 25. Ra3 Ba2+ 26. Kd2 Rxb2 27. Rh3 Rxc2+ 28. Kxc2 Bb1+ 29. Kd2 Qb2+ 30. Ke1 Qxe5+ 0-1

[Event "Sparkassen-Open A"]
[Site "Heusenstamm, Martinsee"]
[Date "2025.11.21"]
[Round "3.76"]
[White "Stein, Tobias"]
[Black "Gao, Chenzhuo"]
[Result "1/2-1/2"]
[WhiteElo "1993"]
[BlackElo "1825"]
[PlyCount "59"]
[EventDate "2025.11.20"]
[WhiteTeam "SV Alsfeld"]
[BlackTeam "SC Rotenburg"]

1. e4 c6 2. Nc3 d5 3. Nf3 Bg4 4. h3 Bxf3 5. Qxf3 e6 6. d3 Nd7 7. Bd2 Qb6 8. O-O-O d4 9. Nb1 a5 10. Qg3 Ngf6 11. f4 a4 12. Be2 Qc7 13. Qf2 Bc5 14. g4 O-O-O 15. g5 Ng8 16. h4 Ne7 17. Bg4 b5 18. Rdf1 Kb7 19. Qe2 Rhe8 20. h5 Qb6 21. f5 exf5 22. Bxf5 Nxf5 23. Rxf5 f6 24. gxf6 gxf6 25. Rg1 Rg8 26. Qf1 Qc7 27. Bh6 Bf8 28. Bf4 Bd6 29. Bh6 Bf8 30. Bf4 1/2-1/2

[Event "Sparkassen-Open A"]
[Site "Heusenstamm, Martinsee"]
[Date "2025.11.21"]
[Round "3.77"]
[White "Berberich, Christoph"]
[Black "Weiss, Matthias"]
[Result "1-0"]
[WhiteElo "1839"]
[BlackElo "1980"]
[PlyCount "78"]
[EventDate "2025.11.20"]
[WhiteTeam "SK Freiburg-Zähringen 1887 e.V."]
[BlackTeam "SF Schöneck"]

1. d4 Nf6 2. Nf3 g6 3. c4 Bg7 4. Nc3 d5 5. cxd5 Nxd5 6. e4 Nxc3 7. bxc3 c5 8. Rb1 O-O 9. Qd2 cxd4 10. cxd4 Nc6 11. d5 Ne5 12. Nxe5 Bxe5 13. f4 Bc7 14. Bb2 Bb6 15. Bd4 Bxd4 16. Qxd4 Qa5+ 17. Qd2 Qxd2+ 18. Kxd2 Rd8 19. Ke3 b6 20. a4 Bd7 21. Bb5 Rac8 22. Rhc1 Rxc1 23. Rxc1 Rc8 24. Rxc8+ Bxc8 25. e5 Kf8 26. d6 exd6 27. exd6 Bb7 28. g4 h6 29. g5 hxg5 30. fxg5 a6 31. Bd7 f6 32. h4 Kf7 33. Kd4 Bf3 34. Bc8 fxg5 35. hxg5 Bc6 36. Ke5 Bxa4 37. Bxa6 Bb3 38. Bb5 Ba2 39. Bd3 Be6 1-0

[Event "Sparkassen-Open A"]
[Site "Heusenstamm, Martinsee"]
[Date "2025.11.21"]
[Round "3.78"]
[White "Meyer-Jany, Marcel"]
[Black "Eichstädt, Enrico"]
[Result "1-0"]
[WhiteElo "1826"]
[BlackElo "1970"]
[PlyCount "85"]
[EventDate "2025.11.20"]
[WhiteTeam "SC Mattmeister Karben 1998 e.V."]
[BlackTeam "SK Norderstedt von 1975"]

1. d4 Nf6 2. c4 c5 3. d5 b5 4. cxb5 a6 5. bxa6 g6 6. Nc3 Bg7 7. e4 O-O 8. Nf3 Qb6 9. Qc2 Bxa6 10. a4 e6 11. dxe6 fxe6 12. Bxa6 Nxa6 13. O-O d5 14. exd5 exd5 15. Rd1 Nb4 16. Qe2 d4 17. Qc4+ Kh8 18. Nb5 Nfd5 19. Bd2 d3 20. Nc3 Nc7 21. Ng5 Bd4 22. Nf7+ Kg8 23. Nd6+ Kg7 24. Nce4 Ncd5 25. Bc3 Nf6 26. Bxd4 cxd4 27. Qc5 Nfd5 28. Qxb6 Nxb6 29. Nc5 Rf6 30. Nde4 Rc6 31. Kf1 Ra5 32. Nxd3 Nxd3 33. Rxd3 Rxa4 34. Rxa4 Nxa4 35. b3 Rc1+ 36. Ke2 Nc3+ 37. Nxc3 dxc3 38. Rf3 Rg1 39. Kd3 c2 40. Kxc2 Rxg2 41. h3 g5 42. b4 g4 43. hxg4 1-0

[Event "Sparkassen-Open A"]
[Site "Heusenstamm, Martinsee"]
[Date "2025.11.21"]
[Round "3.79"]
[White "Chaganti, Prahasith Reddy"]
[Black "Stumpf, Daniel"]
[Result "1/2-1/2"]
[WhiteElo "1820"]
[BlackElo "1960"]
[PlyCount "117"]
[EventDate "2025.11.20"]
[WhiteTeam "Mönchengladbacher SV 1"]
[BlackTeam "SC Schwarz-Weiß Lichtenrade e.V."]

1. e4 c5 2. c3 Nf6 3. e5 Nd5 4. d4 cxd4 5. cxd4 g6 6. Nf3 Bg7 7. Nc3 Nxc3 8. bxc3 d6 9. Bf4 dxe5 10. Bxe5 O-O 11. Bxg7 Kxg7 12. Bd3 Bg4 13. h3 Bxf3 14. Qxf3 Nc6 15. O-O Rc8 16. Be4 Qa5 17. Rab1 Rc7 18. Bxc6 bxc6 19. Qe2 Rd8 20. f4 Rd5 21. Qc4 e6 22. g4 a6 23. Qb3 h5 24. Qb6 hxg4 25. hxg4 Qxb6 26. Rxb6 Ra5 27. Rb2 c5 28. dxc5 Rcxc5 29. Rf3 Ra3 30. Rc2 Rca5 31. Rff2 R3a4 32. g5 Rf5 33. c4 Rc5 34. Kg2 Rcxc4 35. Rxc4 Rxc4 36. Kf3 Kf8 37. Rb2 f5 38. Rb8+ Ke7 39. Rb7+ Kd6 40. Rg7 Rc3+ 41. Kg2 Rc2+ 42. Kf3 Rxa2 43. Rxg6 Ra3+ 44. Kg2 Kd5 45. Rf6 Rb3 46. Rf7 Ke4 47. Re7 Kxf4 48. Rxe6 Rg3+ 49. Kf2 Rxg5 50. Rxa6 Rg8 51. Ra4+ Kg5 52. Kf3 Rb8 53. Ra3 Rh8 54. Kg2 Kg4 55. Ra4+ f4 56. Ra7 f3+ 57. Kf2 Rh2+ 58. Kf1 Rh4 59. Ra4+ 1/2-1/2

[Event "Sparkassen-Open A"]
[Site "Heusenstamm, Martinsee"]
[Date "2025.11.21"]
[Round "3.80"]
[White "Werner, Rosalie"]
[Black "Praszczalek, Jakub"]
[Result "0-1"]
[WhiteElo "1940"]
[BlackElo "1738"]
[PlyCount "64"]
[EventDate "2025.11.20"]
[WhiteTeam "VSG 1880 Offenbach"]
[BlackTeam "SK Köln-Südwest"]

1. e4 c6 2. d4 d5 3. Nd2 dxe4 4. Nxe4 Nf6 5. Nxf6+ exf6 6. c3 Bd6 7. Bd3 O-O 8. Qc2 Re8+ 9. Ne2 h5 10. Be3 Nd7 11. O-O-O Nf8 12. h3 Be6 13. Kb1 Qa5 14. c4 b5 15. g4 h4 16. b3 bxc4 17. Bxc4 Bd5 18. Bxd5 cxd5 19. Qd3 Ne6 20. Qf5 Nc7 21. g5 fxg5 22. Qxg5 Nb5 23. Rhg1 g6 24. Qh6 Bf8 25. Qh5 Rec8 26. Bd2 Qa6 27. Qg4 Na3+ 28. Kb2 Rc2+ 29. Ka1 Nb1 30. a4 Nxd2 31. Nf4 Nxb3+ 32. Kb1 Qc4 0-1

[Event "Sparkassen-Open A"]
[Site "Heusenstamm, Martinsee"]
[Date "2025.11.21"]
[Round "3.81"]
[White "Börsch, Dieter"]
[Black "Sasikumar Anitha, Sarvesh"]
[Result "1/2-1/2"]
[WhiteElo "1816"]
[BlackElo "1924"]
[PlyCount "87"]
[EventDate "2025.11.20"]
[WhiteTeam "SK Bad Homburg 1927"]
[BlackTeam "SK 1858 Gießen"]

1. d4 Nf6 2. c4 g6 3. Nc3 Bg7 4. e4 d6 5. Nf3 O-O 6. Be2 Nbd7 7. O-O e5 8. Be3 exd4 9. Bxd4 b6 10. Qc2 Re8 11. Rfe1 Bb7 12. Nd2 Nc5 13. Bf3 Ne6 14. Be3 Nd7 15. Rad1 Nd4 16. Bxd4 Bxd4 17. Nb3 Bg7 18. Nd4 Ne5 19. Be2 Nc6 20. Nxc6 Bxc6 21. Nd5 Bd7 22. Bf3 Rc8 23. g3 Be6 24. Nf4 Qf6 25. Nxe6 fxe6 26. Bg4 h5 27. Bh3 Qxb2 28. Qa4 Re7 29. Bf1 a5 30. Qc6 Rf8 31. Re2 Qf6 32. Qb5 Qe5 33. Qb3 Qc5 34. Qd3 Ref7 35. Rdd2 Bh6 36. Rc2 Rf3 37. Qd1 h4 38. Bg2 R3f6 39. Qd3 hxg3 40. hxg3 R6f7 41. e5 Kh7 42. exd6 cxd6 43. Rxe6 Rf6 44. Rxf6 1/2-1/2

[Event "Sparkassen-Open A"]
[Site "Heusenstamm, Martinsee"]
[Date "2025.11.21"]
[Round "3.82"]
[White "Fock, Sana"]
[Black "Gärtner, David"]
[Result "1-0"]
[WhiteElo "1887"]
[BlackElo "1838"]
[PlyCount "53"]
[EventDate "2025.11.20"]
[WhiteTeam "FC ST.Pauli 1910 eV SAbt"]
[BlackTeam "Sfr.Mainz 1928"]

1. e4 e6 2. d4 d5 3. Nd2 Nc6 4. c3 Nf6 5. e5 Nd7 6. Ndf3 f6 7. exf6 Qxf6 8. Bg5 Qf7 9. Bh4 Bd6 10. Ng5 Qg8 11. Bd3 Nf6 12. Ne2 Bd7 13. Nf3 O-O-O 14. b4 Re8 15. b5 Ne7 16. Qa4 Kb8 17. Ne5 Bxe5 18. dxe5 Ng4 19. Qxg4 Nf5 20. f4 Nxh4 21. Qxh4 Qf7 22. O-O h6 23. a4 Reg8 24. Qg3 Qe7 25. Qe3 g5 26. f5 exf5 27. Bxf5 1-0

[Event "Sparkassen-Open A"]
[Site "Heusenstamm, Martinsee"]
[Date "2025.11.21"]
[Round "3.83"]
[White "Gernert, Tomas"]
[Black "Stuhlmann, Florian"]
[Result "1-0"]
[WhiteElo "1810"]
[BlackElo "1933"]
[PlyCount "77"]
[EventDate "2025.11.20"]
[WhiteTeam "KS Ricany 1925"]
[BlackTeam "SC Königsflügel Lindenholzhausen"]

1. e4 c5 2. Nf3 e6 3. b3 Nc6 4. Bb2 d5 5. Bb5 Nf6 6. exd5 exd5 7. O-O Be7 8. Ne5 Qd6 9. Re1 Be6 10. d3 O-O 11. Bxc6 bxc6 12. Nd2 Rfe8 13. c4 Bd8 14. f4 Bc7 15. Ndf3 Nh5 16. g3 Ba5 17. Ng5 g6 18. Rf1 f6 19. Nxe6 fxe5 20. f5 Nf6 21. g4 gxf5 22. gxf5 Kf7 23. Qe2 Rg8+ 24. Kh1 d4 25. Ba3 Bb4 26. Bxb4 cxb4 27. Rg1 a5 28. Rae1 c5 29. Ng5+ Kf8 30. Qxe5 Qc6+ 31. Ne4 Ng4 32. Qf4 h5 33. h3 Ne3 34. Rxg8+ Kxg8 35. Rg1+ Kh7 36. Qf3 Ra6 37. Qxh5+ Qh6 38. Qf7+ Kh8 39. Rg8# 1-0

[Event "Sparkassen-Open A"]
[Site "Heusenstamm, Martinsee"]
[Date "2025.11.21"]
[Round "3.84"]
[White "Kalepky, Helmut"]
[Black "Wang, Simon"]
[Result "1-0"]
[WhiteElo "1927"]
[BlackElo "1824"]
[PlyCount "121"]
[EventDate "2025.11.20"]
[WhiteTeam "Sfr.Heidesheim"]
[BlackTeam "SF Dachau 1932 e.V."]

1. Nf3 d5 2. g3 Nf6 3. Bg2 c6 4. d4 Bf5 5. Nbd2 h6 6. c4 e6 7. b3 Nbd7 8. Bb2 Be7 9. O-O O-O 10. Re1 Ne4 11. e3 Ndf6 12. a3 a5 13. Nxe4 Nxe4 14. Nd2 Nxd2 15. Qxd2 Qb6 16. Qc3 Rfd8 17. Rac1 Re8 18. c5 Qc7 19. Qd2 Ra6 20. Bc3 Rb8 21. b4 axb4 22. axb4 Ra7 23. Ra1 Rba8 24. Rxa7 Rxa7 25. Ra1 Qb8 26. f3 Rxa1+ 27. Bxa1 Qa7 28. Bc3 Bb1 29. Bf1 Qa4 30. Be2 Bc2 31. Qc1 Bb3 32. Qa1 Kf8 33. Qxa4 Bxa4 34. Kf2 Ke8 35. e4 Kd7 36. Bd3 Bg5 37. h4 Bf6 38. Ke3 Bd8 39. h5 Bb5 40. Bxb5 cxb5 41. g4 f6 42. Be1 Bc7 43. Bh4 Bh2 44. f4 Bg1+ 45. Kf3 Bh2 46. f5 Bf4 47. Bf2 dxe4+ 48. Kxe4 Bd2 49. fxe6+ Kxe6 50. d5+ Kd7 51. c6+ bxc6 52. dxc6+ Kxc6 53. Bc5 Bg5 54. Bf8 Bd2 55. Kf5 Kd7 56. Kg6 Ke6 57. Bxg7 Bxb4 58. Bxf6 Bd2 59. g5 b4 60. gxh6 Bc3 61. Bg7 1-0

[Event "Sparkassen-Open A"]
[Site "Heusenstamm, Martinsee"]
[Date "2025.11.21"]
[Round "3.85"]
[White "Spelleken, Mark"]
[Black "Kürschner, Liam"]
[Result "1-0"]
[WhiteElo "1745"]
[BlackElo "1921"]
[PlyCount "59"]
[EventDate "2025.11.20"]
[WhiteTeam "SC Somborn 1933"]
[BlackTeam "SK Langen"]

1. d4 Nf6 2. c4 e6 3. Nc3 Bb4 4. Nf3 O-O 5. Bg5 h6 6. Bh4 b6 7. e3 Bb7 8. Bd3 c5 9. a3 Bxc3+ 10. bxc3 d6 11. Qc2 Nc6 12. Rd1 Rc8 13. Qb1 Na5 14. Qa2 Ba6 15. d5 g5 16. Bg3 exd5 17. cxd5 c4 18. Bf5 Rc5 19. Bb1 Rxd5 20. O-O Nc6 21. Qc2 Rxd1 22. Rxd1 d5 23. Ne5 Ne7 24. Ng4 Ng6 25. Nxh6+ Kh8 26. Nxf7+ Rxf7 27. Qxg6 Rg7 28. Qh6+ Rh7 29. Bxh7 Nxh7 30. Be5+ 1-0